000 01088nam a2200253Ia 4500
003 OSt
005 20221005110523.0
006 a|||||r|||| 00| 0
007 ta
008 221004b |||||||| |||| 00| 0 hin d
020 _a8177143425 (hbk)
_c250
024 _a97374
037 _b417, 23/03/2009, Swaraj Prakashan
_cTextual
040 _aCRL
_cCRL
_bhin
041 _2hin
_ahin
082 _aVwN09, 152P9
100 _aविद्यार्थी, प्रभु नारायण, संपा.
_9157692
245 0 _aआधुनिक इतिहास के निर्माता प्रो. बॉंके बिहारी मिश्र
246 _aĀdhunik itihās ke nirmātā pro. Baॉanke bihārī mishra
260 _aनई दिल्ली
_bप्रकाशन संस्थान भारत
_c2009
300 _a160पृ0
_ccm.
942 _hVwN09, 152P9
_cTEXL
_2cc
999 _c1019070
_d1019070